[Event "Hillerod NSU op"]
[Site "Hillerod"]
[Date "2003.01.04"]
[Round "2"]
[White "Schmidt, Tommy B"]
[Black "Jacobsen, Hans Endrup"]
[Result "0-1"]
[WhiteElo "2066"]
[BlackElo "1941"]
[PlyCount "106"]
[EventDate "2003.01.03"]
[EventType "swiss"]
[EventRounds "5"]
[EventCountry "DEN"]
[SourceTitle "EXT 2023"]
[Source "ChessBase"]
[SourceDate "2022.10.05"]
[SourceVersion "1"]
[SourceVersionDate "2022.10.05"]
[SourceQuality "1"]

1. e4 c5 2. Nf3 d6 3. d4 cxd4 4. Nxd4 Nf6 5. Nc3 a6 6. Bc4 e6 7. Bb3 Nc6 8. Be3 Be7 9. Qe2 Qc7 10. 0-0-0 Na5 11. g4 Nxb3+ 12. Nxb3 b5 13. g5 Nd7 14. Qh5 b4 15. Ne2 Bb7 16. f3 Rc8 17. Rd2 Ne5 18. Bd4 Nc4 19. Rhd1 Nxd2 20. Rxd2 e5 21. Be3 d5 22. exd5 Bxd5 23. Ng3 g6 24. Qg4 0-0 25. Kb1 Rfd8 26. Nc1 Be6 27. Rxd8+ Qxd8 28. Qe4 Qd5 29. b3 Bc5 30. Qxd5 Bxd5 31. Bxc5 Rxc5 32. Nd3 Rb5 33. Nxe5 Bxb3 34. f4 Bd5 35. Ne2 Kg7 36. h4 f6 37. Nd7 fxg5 38. hxg5 Ra5 39. Nf6 Bxa2+ 40. Kc1 Bc4 41. Nd4 Ra1+ 42. Kd2 h5 43. f5 Rf1 44. Ne8+ Kf8 45. Nd6 Bf7 46. f6 Rg1 47. Nf3 Rg2+ 48. Kd3 Rg3 49. Ke2 Rxf3 50. Kxf3 a5 51. Ke3 a4 52. Kd2 h4 53. Ne4 h3 0-1

[Event "Hillerod NSU op"]
[Site "Hillerod"]
[Date "2003.01.03"]
[Round "1"]
[White "Brandt, Klaus P"]
[Black "Schmidt, Tommy B"]
[Result "0-1"]
[WhiteElo "1873"]
[BlackElo "2066"]
[PlyCount "72"]
[EventDate "2003.01.03"]
[EventType "swiss"]
[EventRounds "5"]
[EventCountry "DEN"]
[SourceTitle "EXT 2023"]
[Source "ChessBase"]
[SourceDate "2022.10.05"]
[SourceVersion "1"]
[SourceVersionDate "2022.10.05"]
[SourceQuality "1"]

1. d4 Nf6 2. c4 g6 3. Nc3 Bg7 4. e4 d6 5. Nf3 0-0 6. Be2 e5 7. Bg5 h6 8. Bh4 exd4 9. Nxd4 Re8 10. f3 Nc6 11. Nxc6 bxc6 12. 0-0 g5 13. Bf2 Nh5 14. Bd4 Bxd4+ 15. Qxd4 Nf4 16. Rfe1 c5 17. Qd2 Bd7 18. Bf1 Bc6 19. Rad1 Qf6 20. Nd5 Bxd5 21. exd5 Kg7 22. b3 Re5 23. Rxe5 Qxe5 24. Re1 Qf6 25. Re4 a5 26. a4 Rb8 27. Qxa5 Rxb3 28. Qd2 Rb2 29. Qc1 Ra2 30. Qd1 Qb2 31. Qe1 Nh3+ 32. Kh1 Nf2+ 33. Kg1 Nxe4 34. fxe4 Qd4+ 35. Kh1 Ra1 36. Qe2 Qxe4 0-1